000 01007nam a2200253Ia 4500
003 OSt
005 20220930204420.0
006 a|||||r|||| 00| 0
007 ta
008 220926b |||||||| |||| 00| 0 hin d
024 _a35840
037 _cDissertations
040 _aCRL
_cCRL
_bhin
041 _2hin
_ahin
100 _aसविता, ले.
110 _aदिल्ली विश्वविद्यालय. कला संकाय. हिन्दी विभाग
245 0 _aतुम्हें बदलना ही होगा में स्त्री संघर्ष का स्वरूप।
246 _aTumhean badalanā hī hogā mean strī sangharṣha kā svarūpa।
260 _c2016
300 _a161पृ.
_ccm.
700 _aदिल्ली विश्वविद्यालय. कला संकाय. हिन्दी विभाग
942 _cDIS
_2CC
999 _c905992
_d905992